Statistiques concernant Culture Générale - Série 727

Cliquez ici pour prendre le quiz!

Statistiques générales

  • Ce quiz a été pris 126 fois
  • Le résultat moyen est 6 sur 10

Statistiques - réponses

QuestionRéponse% Correct
Selon la comptine enfantine " Il pleut il mouille, c'est la fête à la...grenouille
95%
Quel doigt de la main ne compte que deux phalanges ?pouce
93%
Complétez le titre du roman d' Emile Hemingway, "Pour qui sonne ...le glas
87%
De quel pays étaient originaires les parents d'Alberto Fujimori, ancien président du Pérou ?Japon
81%
Dans quelle capitale européenne est mort le philosophe allemand Karl Marx ?Londres
59%
Quel est le pays voisin du Ghana, situé le plus au nord ?Burkina Faso
39%
Complétez le titre du film réalisé en 1975 par Sidney Lumet, "Un après-midi de ...chien
38%
Quel est le surnom coloré de l'explorateur norvégien Erik Thorvaldsson, qui découvrit le Groenland vers 985 ?Erik le Rouge
38%
Quel est le nom d'artiste du chanteur David Robert Jones ?David Bowie
28%
En 2009, quel humoriste s'est inspiré de sa vie pour écrire et jouer la pièce intitulée : "Le Comique" ?Pierre Palmade
20%

Distribution des résultats

Percentile par nombre de réponses

% des personnes avec chaque résultat

Votre développement - résultats

Vous n’avez pas pris ce quiz